Movies Quiz

Random Movies or Art Quiz

Amazing Disney Paintings Quiz Stats

Quiz not verified by Sporcle

Score 0/17 Timer 06:00
0 Plays Today
% Correct
Peter Pan
99.8%
Lion King
98.9%
Bambi
98.3%
Alice in Wonderland
98.2%
Little Mermaid
98.2%
Cinderella
98.2%
Snow White
98%
The Jungle Book
97.6%
Beauty and the Beast
97.5%
% Correct
Dumbo
97.3%
Lady and the Tramp
96.8%
Aladdin
96.1%
Pinocchio
94%
Tangled
93.2%
Sleeping Beauty
92.4%
Fantasia
91.9%
Princess and the Frog
91.5%

You're not logged in!

Compare scores with friends on all Sporcle quizzes.
Sign Up with Email
OR
Log In

You Might Also Like...

Show Comments

Extras

Top Quizzes Today


Score Distribution

Your Account Isn't Verified!

In order to create a playlist on Sporcle, you need to verify the email address you used during registration. Go to your Sporcle Settings to finish the process.